| 000 | 00563nam a22001937a 4500 | ||
|---|---|---|---|
| 003 | OSt | ||
| 005 | 20160812065435.0 | ||
| 008 | 160812b xxu||||| |||| 00| 0 eng d | ||
| 020 | _a84-206-2920-0 | ||
| 040 | _cRCAA | ||
| 082 |
_a324.7 _bS355c 2002 |
||
| 100 | _aSchmitt, Carl | ||
| 245 |
_aEl concepto de lo político : _bTexto de 1932 con un prólogo y tres corolarios _cCarl Schmitt ; Rafael Agapito |
||
| 260 |
_aMadrid : _bAlianza Editorial, _c2002 |
||
| 300 | _a153 páginas | ||
| 650 | _aPolítica | ||
| 650 | _aDerecho internacional | ||
| 942 |
_2ddc _cBK |
||
| 999 |
_c764 _d764 |
||